000 00753nam a2200241 i 4500
001 19499
003 ES-MaACL
005 20250829062528.0
007 t|
008 021001s1987 sp ||||1| spa d
020 _a84-505-4802-0
100 1 _aAbad, Antonio,
_d1949-
_917896
245 1 3 _aEl arco de la Luna /
_cAntonio Abad.
250 _a1ª ed.
260 _aMelilla :
_bAyuntamiento :
_bUniversidad Nacional de Educación a Distancia,
_c1987.
300 _a77 p. ;
_c21 cm.
490 1 _aRusadir ;
_v14
710 1 _aMelilla.
_bAyuntamiento.
_95680
710 2 _aUniversidad Nacional de Educación a Distancia (España)
_97405
830 0 _aRusadir ;
_v14
_9180773
852 _aES-MaACL
_j2138-F-13
_bR.114962
999 _c19499
_d19499